000 00429ntaaa2200181 4500
003 01
005 20251027202936.0
008 0714s1973 ag 01
040 _aAR-BaBN
_bspa
_cAR-BaBN
_eaacr
_dRIC
082 _a923.2000 H33t
100 _aHays, Brooks
245 _aThis world
250 _a1 ed.
260 _aNashville :
_bBroadman Press,
_cc1958
300 _a136 p
650 _acristianismo-sociedad
_91412
942 _cBK
999 _c24706
_d24706